| 000 | 00549nam a2200193 a 4500 | ||
|---|---|---|---|
| 001 | 1362 | ||
| 003 | CDMR | ||
| 005 | 20131121131130.0 | ||
| 008 | 130130s1930||||||||||||||||||||||||||||d | ||
| 040 |
_aCDMR _bcat _cCDMR |
||
| 100 | 1 |
_aUngria, Alfonso _91058 |
|
| 245 | 1 | 0 |
_aGrandeza y servidumbre de la prensa _bAlfonso Ungria Gargallo |
| 260 |
_aMadrid _c1930 _bEditorial España |
||
| 300 | _a289 p. | ||
| 650 | 0 | 4 |
_91544 _aPeriodisme _xInfluència |
| 650 | 0 | 4 |
_94090 _aPremsa i política _zEspanya |
| 654 |
_93470 _aPremsa i política |
||
| 942 |
_cMON _2udc |
||
| 999 |
_c1362 _d1362 |
||